000
00394nam a22001697a 4500
003
MPLRDC
005
20220104113801.0
008
210129b ||||| |||| 00| 0 eng d
082
_a
848.4 ZAL v.1
100
_a
张爱玲著
245
_a
秧歌
_c
260
_a
_b
皇冠出版社
_c
1979
300
_b
平
490
_a
皇冠丛书;165
650
_a
现代别集
942
_c
BK
_o
848.4 ZAL v.1
999
_c
2335
_d
2325